[Event "Plzen Calliditas op"]
[Site "Plzen"]
[Date "2020.08.30"]
[Round "9"]
[White "Nosek, Jan"]
[Black "Bechynsky, Jan"]
[Result "0-1"]
[WhiteElo "1968"]
[BlackElo "1955"]
[PlyCount "72"]
[EventDate "2020.08.23"]
[EventType "swiss"]
[EventRounds "9"]
[EventCountry "CZE"]
[SourceTitle "CBM 198 Extra"]
[Source "ChessBase"]
[SourceDate "2020.11.30"]
[SourceVersion "1"]
[SourceVersionDate "2020.11.30"]
[SourceQuality "1"]

1. e4 Nf6 2. e5 Nd5 3. d4 d6 4. Nf3 Bg4 5. Be2 e6 6. 0-0 Be7 7. h3 Bxf3 8. Bxf3 Nc6 9. c4 Nb6 10. exd6 cxd6 11. d5 exd5 12. Bxd5 0-0 13. Na3 Bf6 14. Rb1 Qd7 15. Be3 Nxd5 16. Qxd5 Ne7 17. Qd3 Rfd8 18. Rfd1 d5 19. Bc5 d4 20. Bxe7 Qxe7 21. Nc2 Rd7 22. a3 g6 23. Nb4 Qd6 24. Rbc1 Rc8 25. Nd5 Bg7 26. b4 b5 27. Ne3 bxc4 28. Rxc4 Rdc7 29. Rdc1 Rxc4 30. Rxc4 Rxc4 31. Nxc4 Qf4 32. Qd2 Qe4 33. Nb2 Qb1+ 34. Nd1 d3 35. Kh2 Qc2 36. Qe1 Qe2 0-1

[Event "Plzen op 5th"]
[Site "Plzen"]
[Date "2013.11.24"]
[Round "1"]
[White "Kourousis, Epaminondas"]
[Black "Bechynsky, Jan"]
[Result "0-1"]
[WhiteElo "2364"]
[BlackElo "1879"]
[PlyCount "120"]
[EventDate "2013.11.24"]
[EventType "swiss"]
[EventRounds "7"]
[EventCountry "CZE"]
[SourceTitle "CBM 157 Extra"]
[Source "ChessBase"]
[SourceDate "2013.12.19"]
[SourceVersion "1"]
[SourceVersionDate "2013.12.19"]
[SourceQuality "1"]

1. Nf3 d5 2. d4 Nf6 3. c4 c6 4. e3 e6 5. Nbd2 Nbd7 6. b3 Be7 7. Bd3 0-0 8. Bb2 Re8 9. 0-0 b6 10. Ne5 Bb7 11. f4 c5 12. Qf3 Qc7 13. Qh3 Nf8 14. Rad1 Rad8 15. g4 cxd4 16. exd4 N6d7 17. Ndf3 f6 18. Nxd7 Rxd7 19. Rde1 Bd6 20. Ne5 Rde7 21. g5 Bb4 22. Ng4 f5 23. Ne5 Bxe1 24. Rxe1 g6 25. Qe3 Nd7 26. Nxd7 Rxd7 27. Rc1 Qc8 28. c5 Rc7 29. b4 Qd7 30. b5 bxc5 31. dxc5 d4 32. Qe5 Qd5 33. c6 Qxe5 34. fxe5 Ba8 35. Ba3 h6 36. Bd6 Rh7 37. gxh6 Rc8 38. a4 Rxh6 39. a5 Rh3 40. Bc4 Kf7 41. c7 Rc3 42. Rxc3 dxc3 43. b6 axb6 44. axb6 Bb7 45. Bb3 Ra8 46. Kf1 Ra1+ 47. Ke2 Ba6+ 48. Ke3 Rb1 49. Bc2 Rb2 50. Bd3 f4+ 51. Kd4 c2 52. Bxa6 c1Q 53. c8Q Qe3+ 54. Kc4 Rc2+ 55. Kb5 Qd3+ 56. Ka5 Qd5+ 57. Kb4 Rb2+ 58. Kc3 Qb3+ 59. Kd4 Rd2+ 60. Kc5 Rc2+ 0-1

[Event "Plzen op 4th"]
[Site "Plzen"]
[Date "2012.11.24"]
[Round "7"]
[White "Bechynsky, Jan"]
[Black "Paldus, Petr"]
[Result "1/2-1/2"]
[WhiteElo "1832"]
[BlackElo "2002"]
[PlyCount "64"]
[EventDate "2012.11.18"]
[EventType "swiss"]
[EventRounds "7"]
[EventCountry "CZE"]
[SourceTitle "CBM 151 Extra"]
[Source "ChessBase"]
[SourceDate "2012.12.18"]
[SourceVersion "1"]
[SourceVersionDate "2012.12.18"]
[SourceQuality "1"]

1. e4 e5 2. Nf3 f5 3. Nxe5 Qf6 4. d4 d6 5. Nc4 fxe4 6. Ne3 c6 7. c4 Qg6 8. Nc3 Nf6 9. d5 Be7 10. g3 Nbd7 11. Bg2 Ne5 12. 0-0 0-0 13. b3 Bd7 14. dxc6 bxc6 15. Ba3 Rad8 16. Qe2 Rf7 17. Rfd1 Nf3+ 18. Bxf3 exf3 19. Qxf3 Ng4 20. Qe4 Qh5 21. Nxg4 Bxg4 22. Rd2 Bf6 23. Rxd6 Rxd6 24. Bxd6 Rd7 25. c5 Bxc3 26. Qc4+ Qd5 27. Qxg4 Rxd6 28. cxd6 Bxa1 29. Qc8+ Kf7 30. d7 Qd1+ 31. Kg2 Qd5+ 32. Kg1 Qd1+ 1/2-1/2

[Event "Plzen op 4th"]
[Site "Plzen"]
[Date "2012.11.21"]
[Round "4"]
[White "Bechynsky, Jan"]
[Black "Thierry, Rein DJ"]
[Result "1-0"]
[WhiteElo "1832"]
[BlackElo "1755"]
[PlyCount "53"]
[EventDate "2012.11.18"]
[EventType "swiss"]
[EventRounds "7"]
[EventCountry "CZE"]
[SourceTitle "CBM 151 Extra"]
[Source "ChessBase"]
[SourceDate "2012.12.18"]
[SourceVersion "1"]
[SourceVersionDate "2012.12.18"]
[SourceQuality "1"]

1. e4 d5 2. exd5 Qxd5 3. Nc3 Qe5+ 4. Be2 c6 5. Nf3 Qc7 6. 0-0 Bf5 7. d4 Nf6 8. Bd3 Bg6 9. Re1 e6 10. Ne4 Nxe4 11. Bxe4 Bd6 12. c4 Nd7 13. d5 Bxe4 14. dxe6 Nf6 15. exf7+ Kf8 16. Ng5 Bf5 17. Qf3 Bd7 18. c5 Qa5 19. b4 Qxb4 20. Ba3 Bxh2+ 21. Kxh2 Qh4+ 22. Nh3 g6 23. Bb2 Kxf7 24. Rad1 Bg4 25. Qb3+ Nd5 26. Rxd5 Be6 27. Rd7+ 1-0

[Event "Plzen op 4th"]
[Site "Plzen"]
[Date "2012.11.19"]
[Round "2"]
[White "Bechynsky, Jan"]
[Black "Cherednichenko, Elena"]
[Result "0-1"]
[WhiteElo "1832"]
[BlackElo "2172"]
[PlyCount "60"]
[EventDate "2012.11.18"]
[EventType "swiss"]
[EventRounds "7"]
[EventCountry "CZE"]
[SourceTitle "CBM 151 Extra"]
[Source "ChessBase"]
[SourceDate "2012.12.18"]
[SourceVersion "1"]
[SourceVersionDate "2012.12.18"]
[SourceQuality "1"]

1. e4 e5 2. Nf3 Nc6 3. d4 exd4 4. Bc4 Nf6 5. 0-0 d6 6. Nxd4 Be7 7. Nc3 0-0 8. h3 Na5 9. Be2 d5 10. exd5 Nxd5 11. Nxd5 Qxd5 12. Bf3 Qd8 13. Bf4 Bd6 14. Bxd6 Qxd6 15. Nb3 Qb6 16. Nxa5 Qxa5 17. c4 c6 18. Qc2 Be6 19. b3 Qg5 20. Kh1 f5 21. Rfe1 Rf6 22. Re2 f4 23. Qc3 Qh4 24. Kh2 Rh6 25. Be4 Rf8 26. Kg1 Qg5 27. Kf1 Qh4 28. f3 Qg3 29. Qe1 Rxh3 30. Qxg3 Rh1+ 0-1

[Event "CZE-chT2B 1112"]
[Site "Czech Republic"]
[Date "2012.02.19"]
[Round "8.7"]
[White "Bechynsky, Jan"]
[Black "Hlavacek, Tomas"]
[Result "1/2-1/2"]
[WhiteElo "1833"]
[BlackElo "2022"]
[PlyCount "94"]
[EventDate "2011.10.09"]
[EventType "team-tourn"]
[EventRounds "11"]
[EventCountry "CZE"]
[SourceTitle "EXT 2013"]
[Source "ChessBase"]
[SourceDate "2012.11.22"]
[SourceVersion "1"]
[SourceVersionDate "2012.11.22"]
[SourceQuality "1"]
[WhiteTeam "Sokolov"]
[BlackTeam "Karlovy Vary"]
[WhiteTeamCountry "CZE"]
[BlackTeamCountry "CZE"]

1. e4 e5 2. Nf3 Nc6 3. Bc4 Be7 4. 0-0 Nf6 5. d3 0-0 6. Bg5 d6 7. Nbd2 Na5 8. Bb3 Nxb3 9. axb3 Ng4 10. Bxe7 Qxe7 11. h3 Nf6 12. d4 exd4 13. Nxd4 Bd7 14. Re1 a6 15. f4 Rae8 16. e5 dxe5 17. fxe5 Nd5 18. Qf3 Qc5 19. c3 c6 20. Ne4 Qb6 21. Nd6 Re7 22. b4 f6 23. Nc4 Qa7 24. exf6 Rxf6 25. Qd3 Bf5 26. Qd2 Rxe1+ 27. Rxe1 Bg6 28. Ne5 Rd6 29. Nxg6 hxg6 30. Qe2 Qb8 31. Qg4 Qf8 32. Re6 Rxe6 33. Qxe6+ Kh7 34. Nf3 Qf4 35. Qe1 Qe3+ 36. Qxe3 Nxe3 37. Ne1 Kh6 38. Nd3 b6 39. Kf2 Nd5 40. Kf3 Kg5 41. g3 Kf5 42. g4+ Kf6 43. c4 Nc7 44. h4 Ne6 45. Ke4 g5 46. h5 Nd8 47. Ne5 Ke6 1/2-1/2

[Event "Karlovy Vary op"]
[Site "Karlovy Vary"]
[Date "2011.05.02"]
[Round "7"]
[White "Liska, Martin"]
[Black "Bechynsky, Jan"]
[Result "0-1"]
[WhiteElo "1683"]
[BlackElo "1831"]
[PlyCount "96"]
[EventDate "2011.04.28"]
[EventType "swiss"]
[EventRounds "8"]
[EventCountry "CZE"]
[SourceTitle "CBM 142 Extra"]
[Source "ChessBase"]
[SourceDate "2011.06.27"]
[SourceVersion "1"]
[SourceVersionDate "2011.06.27"]
[SourceQuality "1"]

1. e4 c6 2. f4 d5 3. e5 Bf5 4. d4 e6 5. Nf3 Nd7 6. Bd3 Bxd3 7. Qxd3 Qb6 8. f5 c5 9. fxe6 fxe6 10. c3 cxd4 11. cxd4 Bb4+ 12. Nc3 Ne7 13. 0-0 0-0 14. Bd2 Nf5 15. Kh1 h6 16. g4 Ne7 17. h4 Rac8 18. h5 Rf7 19. Nh4 Rcf8 20. Rg1 Nc6 21. g5 hxg5 22. Rxg5 Qxd4 23. Qxd4 Nxd4 24. Be3 Nf5 25. Nxf5 Rxf5 26. Rag1 Rxg5 27. Rxg5 Bxc3 28. bxc3 Kf7 29. Bd4 b6 30. Rg2 Rh8 31. Rh2 Nc5 32. Kg1 Ne4 33. Rh3 Rh6 34. a4 g6 35. hxg6+ Rxg6+ 36. Kf1 Rg7 37. Rh8 Kg6 38. Re8 Rf7+ 39. Ke1 Kf5 40. Ra8 Ng5 41. Ke2 Ke4 42. Rg8 Nf3 43. Rg4+ Rf4 44. Rg6 Nxd4+ 45. cxd4 Kxd4 46. Rxe6 Re4+ 47. Kd2 Rxe5 48. Rc6 Re7 0-1

[Event "Marianske Lazne op"]
[Site "Marianske Lazne"]
[Date "2010.01.20"]
[Round "6"]
[White "Hajek, Jaroslav"]
[Black "Bechynsky, Jan"]
[Result "1-0"]
[WhiteElo "1946"]
[BlackElo "2097"]
[PlyCount "75"]
[EventDate "2010.01.16"]
[EventType "swiss"]
[EventRounds "9"]
[EventCountry "CZE"]
[SourceTitle "CBM 134 Extra"]
[Source "ChessBase"]
[SourceDate "2010.03.03"]
[SourceVersion "1"]
[SourceVersionDate "2010.03.03"]
[SourceQuality "1"]

1. e4 e5 2. Nf3 Nc6 3. Bb5 a6 4. Bxc6 dxc6 5. 0-0 Bg4 6. h3 Bxf3 7. Qxf3 Bc5 8. d3 Qd7 9. Be3 Bxe3 10. Qxe3 Ne7 11. Nc3 0-0 12. f4 exf4 13. Rxf4 Ng6 14. Rf5 Rfe8 15. Raf1 Rad8 16. Kh1 Re5 17. Rxf7 Qxf7 18. Rxf7 Kxf7 19. Qa7 Re7 20. Qxb7 Rd6 21. Qxa6 Rf6 22. Qc4+ Kf8 23. d4 Rf2 24. Nd1 Rd2 25. Ne3 Rf2 26. e5 Rf4 27. Qc5 Kg8 28. c3 Rf2 29. b4 h6 30. a4 Kh7 31. Qc4 Rf4 32. Qd3 Re8 33. a5 Ra8 34. Nf5 Re8 35. a6 Rf2 36. Nh4 Re6 37. a7 Rf8 38. Qc4 1-0

[Event "Karlovy Vary op"]
[Site "Karlovy Vary"]
[Date "2009.04.29"]
[Round "1"]
[White "Pokrupa, Marek"]
[Black "Bechynsky, Jan"]
[Result "1-0"]
[WhiteElo "2161"]
[BlackElo "1769"]
[PlyCount "115"]
[EventDate "2009.04.29"]
[EventType "swiss"]
[EventRounds "7"]
[EventCountry "CZE"]
[SourceTitle "CBM 130 Extra"]
[Source "ChessBase"]
[SourceDate "2009.07.02"]
[SourceVersion "2"]
[SourceVersionDate "2009.07.15"]
[SourceQuality "1"]

1. c4 Nf6 2. Nc3 d5 3. cxd5 Nxd5 4. g3 g6 5. Bg2 Nb6 6. Nf3 Bg7 7. 0-0 Nc6 8. d3 0-0 9. Be3 e5 10. Rc1 Be6 11. Ng5 Bd5 12. Nxd5 Nxd5 13. Bd2 h6 14. Ne4 Nce7 15. Qb3 b6 16. Nc3 c6 17. Nxd5 cxd5 18. Bb4 Re8 19. Bxe7 Qxe7 20. Bxd5 Rac8 21. Rc4 Red8 22. e4 Rxc4 23. Qxc4 Bf8 24. Rc1 Rd7 25. Qc8 Rd8 26. Qc7 Rd7 27. Qc8 Rd8 28. Qa6 Rd7 29. Rc6 Kg7 30. Qc8 Rd8 31. Qg4 Rd7 32. h4 h5 33. Qe2 Rc7 34. Qc2 Rxc6 35. Qxc6 Qc5 36. Qb7 Qe7 37. Qb8 Kg8 38. Kg2 Kg7 39. a3 Qf6 40. b4 a5 41. bxa5 bxa5 42. a4 Bc5 43. Qb2 Bd4 44. Qd2 Qb6 45. Qa2 Qf6 46. Qe2 Qe7 47. Qe1 Qc7 48. Qd2 Qe7 49. Qxa5 Qa7 50. Qxa7 Bxa7 51. a5 f6 52. f4 Kh6 53. Bf7 Bb8 54. a6 Kg7 55. Be8 Ba7 56. f5 gxf5 57. exf5 Kh6 58. Kf3 1-0

[Event "CZE-ch U18 Girls/sf U18"]
[Site "Czech Republic"]
[Date "2008.??.??"]
[Round "4"]
[White "Marikova, Jana"]
[Black "Bechynsky, Jan"]
[Result "1/2-1/2"]
[WhiteElo "1772"]
[BlackElo "1587"]
[PlyCount "48"]
[EventDate "2008.??.??"]
[EventType "swiss"]
[EventRounds "9"]
[EventCountry "CZE"]
[SourceTitle "EXT 2011"]
[Source "ChessBase"]
[SourceDate "2010.11.26"]
[SourceVersion "1"]
[SourceVersionDate "2010.11.26"]
[SourceQuality "1"]

1. d4 d5 2. c4 e6 3. Nc3 Nf6 4. Bg5 Be7 5. Nf3 Nbd7 6. e3 c6 7. Qc2 0-0 8. Bd3 dxc4 9. Bxc4 Nd5 10. Bxe7 Qxe7 11. 0-0 Re8 12. e4 Nxc3 13. bxc3 e5 14. Rfe1 Qf6 15. Rad1 exd4 16. cxd4 Nf8 17. Qb3 b5 18. Bf1 Bg4 19. Re3 Rad8 20. Rd2 Qg6 21. e5 Bxf3 22. Rxf3 Rxe5 23. Qa3 Red5 24. Qxa7 R5d7 1/2-1/2